<?xml version="1.0" encoding="UTF-8"?>
<record
    xmlns:xsi="http://www.w3.org/2001/XMLSchema-instance"
    xsi:schemaLocation="http://www.loc.gov/MARC21/slim http://www.loc.gov/standards/marcxml/schema/MARC21slim.xsd"
    xmlns="http://www.loc.gov/MARC21/slim">

  <leader>05663nam a2200349Ia 4500</leader>
  <controlfield tag="001">dia_7323</controlfield>
  <controlfield tag="003">CHAP</controlfield>
  <controlfield tag="005">20230317134601.0</controlfield>
  <controlfield tag="007">ta</controlfield>
  <controlfield tag="008">220117s2014    -usad  fr     001 0 eng d</controlfield>
  <datafield tag="010" ind1=" " ind2=" ">
    <subfield code="a">178527</subfield>
  </datafield>
  <datafield tag="020" ind1=" " ind2=" ">
    <subfield code="a">978-0-12-397008-4</subfield>
  </datafield>
  <datafield tag="040" ind1=" " ind2=" ">
    <subfield code="c">CHAP</subfield>
    <subfield code="a">mxchpua</subfield>
  </datafield>
  <datafield tag="050" ind1=" " ind2=" ">
    <subfield code="a">SB112.5</subfield>
    <subfield code="b">.W67 2014</subfield>
  </datafield>
  <datafield tag="082" ind1=" " ind2=" ">
    <subfield code="a">631.558 </subfield>
    <subfield code="b">W67 2014</subfield>
    <subfield code="2">20</subfield>
  </datafield>
  <datafield tag="245" ind1="1" ind2="0">
    <subfield code="a">Working with dynamic crop models : methods, tools and examples for agriculture and environment  /</subfield>
    <subfield code="c">Daniel Wallach...[y otros]</subfield>
  </datafield>
  <datafield tag="250" ind1=" " ind2=" ">
    <subfield code="a">2a edici&#xF3;n</subfield>
  </datafield>
  <datafield tag="264" ind1=" " ind2=" ">
    <subfield code="a">San Diego, California, US :</subfield>
    <subfield code="b">Elsevier :</subfield>
    <subfield code="b">Academic Press,</subfield>
    <subfield code="c">2014</subfield>
  </datafield>
  <datafield tag="300" ind1=" " ind2=" ">
    <subfield code="a">xvi, 487 p&#xE1;ginas :</subfield>
    <subfield code="b">ilustraciones, gr&#xE1;ficas, tablas</subfield>
  </datafield>
  <datafield tag="504" ind1=" " ind2=" ">
    <subfield code="a">Incluye bibliograf&#xED;as</subfield>
  </datafield>
  <datafield tag="505" ind1=" " ind2=" ">
    <subfield code="a">Preface --

Section 1: Basics --

Chapter 1. Basics of Agricultural System Models --

1 Introduction --
2 System Models --
3 Developing Dynamic System Models --
4 Other Forms of System Models --
5 Examples of Dynamic Agricultural System Models --
Exercises --
References --

Chapter 2. Statistical Notions Useful for Modeling --

1 Introduction --
2 Random Variable --
3 The Probability Distribution of a Random Variable --
4 Several Random Variables --
5 Samples, Estimators, and Estimates --
6 Regression Models --
7 Bayesian Statistics --
Exercises --
References --

Chapter 3. The R Programming Language and Software --

1 Introduction --
2 Getting Started --
3 Objects in R --
4 Vectors (numerical, logical, character) --
5 Other Data Structures --
6 Read from and Write to File System --
7 Control Structures --
8 Functions --
9 Graphics --
10 Statistics and Probability --
11 Advanced Data Processing --
12 Additional Packages (libraries) --
13 Running an External Model from R --
14 Reducing Computing Time --
Exercises --
References --

Chapter 4. Simulation with Dynamic System Models --

1 Introduction --
2 Simulating Continuous Time Models (differential equation form) --
3 Simulation of System Models in Difference Equation Form --
Exercises --
References --

Section 2: Methods --

Chapter 5. Uncertainty and Sensitivity Analysis --

1 Introduction --
2 A Simple Example using Uncertainty and Sensitivity Analysis --
3 Uncertainty Analysis --
4 Sensitivity Analysis --
5 Recommendations --
6 R code Used in this Chapter --
Exercises --
References --

Chapter 6. Parameter Estimation with Classical Methods (Model Calibration) --

1 Introduction --
2 An Overview of Model Calibration --
3 The Statistics of Parameter Estimation --
4 Application of Statistical Principles to System Models --
5 Algorithms for OLS --
6 R Functions for Parameter Estimation --
Exercises --
Models for Exercises --
References --

Chapter 7. Parameter Estimation with Bayesian Methods --
1 Introduction --
2 Ingredients for Implementing a Bayesian Estimation Method --
3 Computation of Posterior Mode --
4 Algorithms for Estimating Posterior Probability Distribution --
5 Concluding Remarks --
Exercises --
References --

Chapter 8. Data Assimilation for Dynamic Models --

1 Introduction --
2 Model Specification --
3 Filter and Smoother for Gaussian Dynamic Linear Models --
4 Filter and Smoother for Non-Linear Models --
5 Concluding Remarks --
Exercises --
References --

Chapter 9. Model Evaluation --

1 Introduction --
2 A Model as a Scientific Hypothesis --
3 Comparing Simulated and Observed Values --
4 From the Sample to the Population --
5 The Predictive Quality of a Model --
6 Summary --
7 R Functions --
Exercises --
References --

Chapter 10. Putting It All Together in a Case Study --

1 Introduction --
2 Description of the Case Study --
3 How Difficult and Time-Consuming is Each Step? --
4 R Code Used in This Chapter --

Appendix 1. The Models Included in the ZeBook R Package: Description, R Code, and Examples of Results --

1 Introduction --
2 SeedWeight Model --
3 Magarey Model --
4 Soil Carbon Model --
5 WaterBalance Model --
6 Maize Crop Model --
7 Verhulst Model --
8 Population Age Model --
9 Predator-Prey Model --
10 Weed Model --
11 EPIRICE Model --
References --

Appendix 2. An Overview of the R Package ZeBook --

1 Introduction --
2 Installation --
3 Functions and Demos in the Zebook Package --
4 How to use the ZeBook Package --
5 List of Packages Needed --

Index</subfield>
  </datafield>
  <datafield tag="520" ind1="2" ind2=" ">
    <subfield code="a">This second edition of Working with Dynamic Crop Models is meant for self-learning by researchers or for use in graduate level courses devoted to methods for working with dynamic models in crop, agricultural, and related sciences. Each chapter focuses on a particular topic and includes an introduction, a detailed explanation of the available methods, applications of the methods to one or two simple models that are followed throughout the book, real-life examples of the methods from literature, and finally a section detailing implementation of the methods using the R programming language. The consistent use of R makes this book immediately and directly applicable to scientists seeking to develop models quickly and effectively, and the selected examples ensure broad appeal to scientists in various disciplines.</subfield>
  </datafield>
  <datafield tag="650" ind1="1" ind2="3">
    <subfield code="a">Crop yields</subfield>
    <subfield code="x">Mathematical models  </subfield>
    <subfield code="9">162954</subfield>
  </datafield>
  <datafield tag="650" ind1="1" ind2="3">
    <subfield code="a">Crops</subfield>
    <subfield code="x">Growth</subfield>
    <subfield code="x">Mathematical models</subfield>
    <subfield code="9">162955</subfield>
  </datafield>
  <datafield tag="650" ind1="1" ind2="3">
    <subfield code="a">Cultivos</subfield>
    <subfield code="x">Crecimiento</subfield>
    <subfield code="x">Modelos matem&#xE1;ticos  </subfield>
    <subfield code="9">162956</subfield>
  </datafield>
  <datafield tag="650" ind1="1" ind2="3">
    <subfield code="a">Rendimiento de los cultivos</subfield>
    <subfield code="x">Modelos matem&#xE1;ticos  </subfield>
    <subfield code="9">162957</subfield>
  </datafield>
  <datafield tag="700" ind1="1" ind2=" ">
    <subfield code="a">Wallach, Daniel</subfield>
    <subfield code="9">120922</subfield>
    <subfield code="e">autor</subfield>
  </datafield>
  <datafield tag="901" ind1=" " ind2=" ">
    <subfield code="a">631.558 W67 2014</subfield>
  </datafield>
  <datafield tag="902" ind1=" " ind2=" ">
    <subfield code="a">A</subfield>
  </datafield>
  <datafield tag="905" ind1=" " ind2=" ">
    <subfield code="a">5232272014                          -usimn 8222223322eng16</subfield>
  </datafield>
  <datafield tag="942" ind1=" " ind2=" ">
    <subfield code="c">LIBRO</subfield>
    <subfield code="2">ddc</subfield>
  </datafield>
  <datafield tag="999" ind1=" " ind2=" ">
    <subfield code="c">178527</subfield>
    <subfield code="d">178527</subfield>
  </datafield>
  <datafield tag="952" ind1=" " ind2=" ">
    <subfield code="0">0</subfield>
    <subfield code="1">0</subfield>
    <subfield code="2">ddc</subfield>
    <subfield code="4">0</subfield>
    <subfield code="5">1</subfield>
    <subfield code="7">0</subfield>
    <subfield code="8">GRAL</subfield>
    <subfield code="a">IA_</subfield>
    <subfield code="b">IA_</subfield>
    <subfield code="d">2018-08-09</subfield>
    <subfield code="e">Compra Librer&#xED;a UACh F. 36557</subfield>
    <subfield code="i">Consumo</subfield>
    <subfield code="l">0</subfield>
    <subfield code="o">631.558 W67 2014</subfield>
    <subfield code="p">1102013171</subfield>
    <subfield code="r">2022-01-18 00:00:00</subfield>
    <subfield code="t">Ej. 1</subfield>
    <subfield code="w">2022-01-18</subfield>
    <subfield code="y">LIBRO</subfield>
  </datafield>
</record>
